000
00341nam a2200145Ia 4500
008
150201s1995 xx 000 0 und d
082
_a
610.7
_b
F1995C
100
_a
CHRISTENSEN,BARBRA
245
_a
FOUNDATATION OF NURSING
250
_a
2ND
260
_b
MOSBY
_a
NEW DELHI
_c
1995
300
_a
1-1693
650
_a
NURSING
942
_2
ddc
_c
BK
999
_c
3956
_d
3956